Ecology or economics in cardomom development (Record no. 347210)
[ view plain ]
| 000 -LEADER | |
|---|---|
| fixed length control field | 005330000a22001810004500 |
| 020 ## - INTERNATIONAL STANDARD BOOK NUMBER | |
| International Standard Book Number | 812404262 |
| 060 ## - NATIONAL LIBRARY OF MEDICINE CALL NUMBER | |
| Classification number | 100 |
| 082 ## - DEWEY DECIMAL CLASSIFICATION NUMBER | |
| Classification number | 38.17382 NAI |
| 100 ## - MAIN ENTRY--PERSONAL NAME | |
| Personal name | Nair K N, Narayana D |
| 100 ## - MAIN ENTRY--PERSONAL NAME | |
| Personal name | Sivanandan P |
| 245 ## - TITLE STATEMENT | |
| Title | Ecology or economics in cardomom development |
| 260 ## - PUBLICATION, DISTRIBUTION, ETC. (IMPRINT) | |
| Place of publication, distribution, etc. | Newdelhi, Oxford & IBH publishing co. pvt. ltd |
| 260 ## - PUBLICATION, DISTRIBUTION, ETC. (IMPRINT) | |
| Date of publication, distribution, etc. | 1989 |
| 300 ## - PHYSICAL DESCRIPTION | |
| Extent | 120 |
| 490 ## - SERIES STATEMENT | |
| Series statement | Centre for development studies occassional paper series |
| 650 ## - SUBJECT ADDED ENTRY--TOPICAL TERM | |
| Topical term or geographic name as entry element | Cardamom development- ecology/ economics- cardomom development |
| 942 ## - ADDED ENTRY ELEMENTS (KOHA) | |
| Koha item type | Books (General) |
| Withdrawn status | Lost status | Damaged status | Not for loan | Home library | Current library | Date acquired | Total Checkouts | Full call number | Barcode | Date last seen | Price effective from | Koha item type |
|---|---|---|---|---|---|---|---|---|---|---|---|---|
| College of Agriculture, Vellayani | College of Agriculture, Vellayani | 02/05/2014 | 38.17382 NAI | KAU_COAV-24802 | 02/05/2014 | 02/05/2014 | Books (General) |
